Management. / (Record no. 9655)

MARC details
000 -LEADER
fixed length control field 00782nam a22002417a 4500
003 - CONTROL NUMBER IDENTIFIER
control field OSt
005 - DATE AND TIME OF LATEST TRANSACTION
control field 20230605123410.0
008 - FIXED-LENGTH DATA ELEMENTS--GENERAL INFORMATION
fixed length control field 200310b xxu||||| |||| 00| 0 eng d
020 ## - INTERNATIONAL STANDARD BOOK NUMBER
International Standard Book Number 9780133910292
040 ## - CATALOGING SOURCE
Transcribing agency WIUC-GH
050 ## - LIBRARY OF CONGRESS CALL NUMBER
Classification number HD31.R56
082 ## - DEWEY DECIMAL CLASSIFICATION NUMBER
Edition number dc23
Classification number 658
100 ## - MAIN ENTRY--PERSONAL NAME
Personal name Robbins, Stephen P.
9 (RLIN) 1573
245 ## - TITLE STATEMENT
Title Management. /
Statement of responsibility, etc. Stephen P. Robbins and Mary Coutler.
250 ## - EDITION STATEMENT
Edition statement 13th ed.
260 ## - PUBLICATION, DISTRIBUTION, ETC.
Place of publication, distribution, etc. Boston :
Name of publisher, distributor, etc. Pearson Education, Inc.,
Date of publication, distribution, etc. 2016.
300 ## - PHYSICAL DESCRIPTION
Extent xxiii, 685 p. :
Other physical details ill. ;
Dimensions 29 cm.
500 ## - GENERAL NOTE
General note Includes appendix and index.
505 ## - FORMATTED CONTENTS NOTE
Formatted contents note Contents:Managers in the workplace -- Making decisions -- Managing the external environment and the organization's culture --
650 ## - SUBJECT ADDED ENTRY--TOPICAL TERM
Topical term or geographic name entry element Management
9 (RLIN) 1150
700 ## - ADDED ENTRY--PERSONAL NAME
Personal name Coutler, Mary.
9 (RLIN) 1574
942 ## - ADDED ENTRY ELEMENTS (KOHA)
Source of classification or shelving scheme Library of Congress Classification
Koha item type Books
Holdings
Withdrawn status Lost status Source of classification or shelving scheme Damaged status Not for loan Home library Current library Shelving location Date acquired Full call number Barcode Date last seen Copy number Price effective from Koha item type Total Checkouts
    Library of Congress Classification     WISCONSIN INTERNATIONAL UNIVERSITY COLLEGE, GHANA KUMASI LIBRARY WISCONSIN INTERNATIONAL UNIVERSITY COLLEGE, GHANA KUMASI LIBRARY General Stacks 21/03/2023 HD31.R56(13e) K/3192/0290/23 05/06/2023 1 05/06/2023 Books  
    Library of Congress Classification     WISCONSIN INTERNATIONAL UNIVERSITY COLLEGE, GHANA KUMASI LIBRARY WISCONSIN INTERNATIONAL UNIVERSITY COLLEGE, GHANA KUMASI LIBRARY General Stacks 21/03/2023 HD31.R561(13e) K/3193/0291/23 05/06/2023 2 05/06/2023 Books  

If you have any concerns or questions; kindly contact the library


© Powered by WIUC ICT DIRECTORATE